|
|
|
|
| LEADER |
00000nam0a2200000 4500 |
| 001 |
44380 |
| 005 |
20231031022156.0 |
| 010 |
|
|
|a 5743310742
|
| 035 |
|
|
|a (RuTPU)RU\TPU\book\46053
|
| 090 |
|
|
|a 44380
|
| 100 |
|
|
|a 20021112d2002 k y0rusy50 ca
|
| 101 |
0 |
|
|a rus
|
| 102 |
|
|
|a RU
|
| 105 |
|
|
|a a z 100zd
|
| 200 |
1 |
|
|a Твой первый шаг в науку, лицеист
|e Сборник научных статей по результатам конференции, Саратов, 6 апреля 2002 г.
|f Саратовский государственный технический университет
|
| 210 |
|
|
|a Саратов
|c Изд-во Саратовского ГТУ
|d 2002
|
| 215 |
|
|
|a 150 с.
|c ил.
|
| 320 |
|
|
|a Библиогр. в конце статей
|
| 470 |
|
|
|t Сказки
|
| 470 |
|
|
|t Господа Головлевы
|
| 470 |
|
|
|t Мастер и Маргарита
|
| 470 |
|
|
|t Что делать?
|
| 470 |
|
|
|t Мартин Иден
|
| 470 |
|
|
|t Обломов
|
| 470 |
|
|
|t Мертвые души
|
| 470 |
|
|
|t Одесские рассказы
|a Бабель, Исаак
|
| 600 |
|
1 |
|a Чернышевский
|g Николай Гаврилович
|2 stltpui
|3 (RuTPU)RU\TPU\pers\861
|
| 600 |
|
1 |
|a Чернышевский
|g Николай Гаврилович
|b Н. Г.
|c публицист
|f 1828-1889
|c литературный критик
|c писатель
|2 stltpui
|3 (RuTPU)RU\TPU\pers\861
|
| 600 |
|
1 |
|a Маяковский
|g Владимир Владимирович
|b В. В.
|c русский поэт
|f 1893-1930
|2 stltpui
|3 (RuTPU)RU\TPU\pers\1040
|
| 600 |
|
1 |
|a Горький
|g Алексей Максимович
|b А. М.
|c настоящая фамилия Пешков
|f 1868-1936
|c русский писатель
|c публицист
|2 stltpui
|3 (RuTPU)RU\TPU\pers\1037
|
| 600 |
|
1 |
|a Довлатов
|g Сергей Донатович
|c русский писатель
|f 1941 -1990
|b С. Д.
|c эммигрант
|2 stltpui
|3 (RuTPU)RU\TPU\pers\1114
|
| 610 |
1 |
|
|a наука
|
| 610 |
1 |
|
|a физика
|
| 610 |
1 |
|
|a осциллографы
|
| 610 |
1 |
|
|a голография
|
| 610 |
1 |
|
|a теория относительности
|
| 610 |
1 |
|
|a компьютерная томография
|
| 610 |
1 |
|
|a световоды
|
| 610 |
1 |
|
|a электрические сети
|
| 610 |
1 |
|
|a электричество
|
| 610 |
1 |
|
|a теплота
|
| 610 |
1 |
|
|a закон Архимеда
|
| 610 |
1 |
|
|a радиопередающие устройства
|
| 610 |
1 |
|
|a математика
|
| 610 |
1 |
|
|a геометрия Евклида
|
| 610 |
1 |
|
|a золотое сечение
|
| 610 |
1 |
|
|a теория вероятностей
|
| 610 |
1 |
|
|a локальные сети
|
| 610 |
1 |
|
|a история
|
| 610 |
1 |
|
|a декабристы
|
| 610 |
1 |
|
|a русско-турецкая война
|
| 610 |
1 |
|
|a 19 век
|
| 610 |
1 |
|
|a рыночная экономика
|
| 610 |
1 |
|
|a молодежный экстремизм
|
| 610 |
1 |
|
|a жаргон
|
| 610 |
1 |
|
|a скинхед
|
| 610 |
1 |
|
|a курение
|
| 610 |
1 |
|
|a витамины
|
| 610 |
1 |
|
|a чай
|
| 610 |
1 |
|
|a взрывчатые вещества
|
| 610 |
1 |
|
|a цитология
|
| 610 |
1 |
|
|a наркомания
|
| 610 |
1 |
|
|a литература
|
| 610 |
1 |
|
|a литературная критика
|
| 610 |
1 |
|
|a конференции
|
| 610 |
1 |
|
|a Саратов
|
| 675 |
|
|
|a 501(063)
|v 3
|
| 686 |
|
|
|a Ч421.2л0
|v LBC/SL-A
|2 rubbk
|
| 712 |
|
|
|a Саратовский государственный технический университет
|2 stltpush
|3 (RuTPU)RU\TPU\col\95
|
| 712 |
1 |
2 |
|a Твой первый шаг в науку, лицеист
|b конференция
|e Саратов
|f 2002
|
| 801 |
|
1 |
|a RU
|b 63413507
|c 20021112
|g PSBO
|
| 801 |
|
2 |
|a RU
|b 63413507
|c 20060603
|g PSBO
|
| 942 |
|
|
|c BK
|